00336nam a2200133Ia 45000030006000000080041000060400015000471000026000622450065000882500011001532600009001645460012001730050017001850STCL150530s9999 xx 000 0 und d aSTCLcSTCL aWebster Gordon Arthur aDynamics of particles and of rigid elastics and fluid bodies aSecond c1959 aEnglish20220125170019.0